<?xml version="1.0" encoding="UTF-8"?>
<record
    xmlns:xsi="http://www.w3.org/2001/XMLSchema-instance"
    xsi:schemaLocation="http://www.loc.gov/MARC21/slim http://www.loc.gov/standards/marcxml/schema/MARC21slim.xsd"
    xmlns="http://www.loc.gov/MARC21/slim">

  <leader>02364nam a2200277 a 4500</leader>
  <controlfield tag="001">ASIN0745642063</controlfield>
  <controlfield tag="005">20170105102929.0</controlfield>
  <controlfield tag="008">140115s2008    xxu                 eng d</controlfield>
  <datafield tag="020" ind1=" " ind2=" ">
    <subfield code="a">0745642063 (hardcover)</subfield>
    <subfield code="c">$59.95</subfield>
  </datafield>
  <datafield tag="020" ind1=" " ind2=" ">
    <subfield code="a">9780745642062 (hardcover)</subfield>
  </datafield>
  <datafield tag="040" ind1=" " ind2=" ">
    <subfield code="a">0</subfield>
  </datafield>
  <datafield tag="050" ind1="0" ind2="4">
    <subfield code="a">JZ5538</subfield>
  </datafield>
  <datafield tag="082" ind1="0" ind2="4">
    <subfield code="a">327.172</subfield>
    <subfield code="b">DIE 2008</subfield>
  </datafield>
  <datafield tag="100" ind1="1" ind2=" ">
    <subfield code="a">Diehl, Paul F.</subfield>
  </datafield>
  <datafield tag="245" ind1="1" ind2="0">
    <subfield code="a">Peace operations /</subfield>
    <subfield code="c">Paul F. Diehl.</subfield>
  </datafield>
  <datafield tag="250" ind1=" " ind2=" ">
    <subfield code="a">1st ed.</subfield>
  </datafield>
  <datafield tag="260" ind1=" " ind2=" ">
    <subfield code="a">[S.l.] :</subfield>
    <subfield code="b">Polity,</subfield>
    <subfield code="c">2008.</subfield>
  </datafield>
  <datafield tag="300" ind1=" " ind2=" ">
    <subfield code="a">188 p. ;</subfield>
    <subfield code="c">21 cm.</subfield>
  </datafield>
  <datafield tag="490" ind1="1" ind2=" ">
    <subfield code="a">Wcmw - war and conflict in the modern world.</subfield>
  </datafield>
  <datafield tag="520" ind1=" " ind2=" ">
    <subfield code="a">Peacekeeping has gradually evolved to encompass a broad range of different conflict management missions and techniques, which are incorporated under the term "peace operations." Well over 100 missions have been deployed, the vast majority within the last twenty years. This book provides an overview of the central issues surrounding the development, operation, and effectiveness of peace operations. Among many features, the book: * Traces the historical development of peace operations from their origins in the early 20th century through the development of modern peacebuilding missions. * Tracks changes over time in the size, mission, and organization of peace operations. * Analyses different organizational, financial, and troop provisions for peace operations, as well as assessing alternatives. * Lays out criteria for evaluating peace operations and details the conditions under which such operations are successful. As peace operations become the primary mechanism of conflict management used by the UN and regional organizations, understanding their problems and potential is essential for a more secure world. Drawing on a wide range of examples from those between Israel and her neighbors to more recent operations in Somalia and the Congo, this book brings together the body of scholarly research on peace operations to address those concerns. It will be an indispensable guide for students, practitioners and general readers wanting to broaden their knowledge of the possibilities and limits of peace operations today.</subfield>
  </datafield>
  <datafield tag="650" ind1=" " ind2="0">
    <subfield code="a">Peace-building</subfield>
  </datafield>
  <datafield tag="650" ind1=" " ind2="0">
    <subfield code="a">Peacekeeping forces</subfield>
  </datafield>
  <datafield tag="830" ind1=" " ind2="0">
    <subfield code="a">Wcmw - war and conflict in the modern world.</subfield>
  </datafield>
  <datafield tag="856" ind1="4" ind2="0">
    <subfield code="3">Amazon.com</subfield>
    <subfield code="u">http://www.amazon.com/exec/obidos/ASIN/0745642063/chopaconline-20</subfield>
  </datafield>
  <datafield tag="942" ind1=" " ind2=" ">
    <subfield code="2">ddc</subfield>
    <subfield code="c">BK</subfield>
  </datafield>
  <datafield tag="999" ind1=" " ind2=" ">
    <subfield code="c">15997</subfield>
    <subfield code="d">15997</subfield>
  </datafield>
  <datafield tag="952" ind1=" " ind2=" ">
    <subfield code="0">0</subfield>
    <subfield code="1">0</subfield>
    <subfield code="4">0</subfield>
    <subfield code="7">0</subfield>
    <subfield code="8">NFIC</subfield>
    <subfield code="a">CIPS</subfield>
    <subfield code="b">CIPS</subfield>
    <subfield code="c">GEN</subfield>
    <subfield code="d">2013-11-21</subfield>
    <subfield code="l">0</subfield>
    <subfield code="o">327.172 DIE 2008</subfield>
    <subfield code="p">CIPS0002469</subfield>
    <subfield code="r">2014-01-15</subfield>
    <subfield code="w">2014-01-15</subfield>
    <subfield code="y">BK</subfield>
  </datafield>
</record>
